000 02532cam a22004454i 4500
003 PE-LiUPU
005 20250731165406.0
008 151012s2015 pe a grm 000 0 spa d
035 _a(Sirsi) a154816
040 _aPE-LiUPU
_bspa
_cPE-LiUPU
_erda
099 _aTNH 2 F65 2015
100 1 _aFlores Chipana, Dina Elizabeth
_eautor
245 1 _aRelación entre el factor socioeconómico y la desnutrición crónica en niños de 3 a 10 años del Quinto sector y Asociación de Vivienda "El vallecito" de La Era-Chosica, 2014 /
_cDina Elizabeth Flores Chipana.
264 0 _c2015.
300 _a92 hojas :
_bilustraciones;
_c30 cm
336 _atext
_2rdacontent
337 _aunmediated
_2rdamedia
338 _avolume
_2rdacarrier
502 _aTesis
_b(Lic.) --
_cUniversidad Peruana Unión,
_d2015.
504 _aIncluye referencias
520 3 _aEl estudio tiene como objetivo, determinar la relación entre factor socioeconómico y la desnutrición crónica en niños de 3 a 10 años del Quinto sector y Asociación de Vivienda "El Vallecito" de la Era-Chosica, 2014. El estudio es de diseño no experimental, de corte transversal y de alcance correlacional. Para la recolección de información se empleó las mediciones antropométricas (peso y talla) y además una encuesta estructurada que consistía en 12 ítems, divididos en 4 niveles socioeconómicos: alto, medio, bajo y marginal. Este instrumento se aplicó a 92 familias de los niños, de las cuales constituyen la muestra. De acuerdo a los resultados obtenidos, el 44.6% tienen desnutrición crónica, de los cuales el 82.9% vive en un nivel socioeconómico bajo. Estadísticamente no se encontró relación significativa entre las dos variables de estudio. Sin embargo se halló significancia entre la tenencia de agua potable y desague con la desnutrición crónica. Porque, al no contar con estos servicios básicos, la incidencia de enfermedades afecta a la economía de la familia y de la población.
526 _aSEG44
526 _aSEG26
526 _aP151
526 _aP150
526 _aP149
526 _aP146
526 _aP145
526 _aP126
526 _aP125
526 _aP92
526 _aP75
526 _aP74
526 _aP27
526 _aP15
650 0 4 _aNiños
_xDesnutrición
_xAspectos sociales.
596 _a1
942 _2ddc
_cTESIS
999 _aTNH 2 F65 2015
_wALPHANUM
_c7512
_iT01735
_lCCODEBUL3
_mBUL
_r1
_sY
_tTESIS
_u2015-10-12
_xSALUD
_PP31
_o.STAFF. Tesis
_d7512
980 _81
_gALBERTO SANCHEZ Responsable de Automatización